Notes Sur L`"ummul Kitab" (Record no. 860)
[ view plain ]
| 000 -LEADER | |
|---|---|
| fixed length control field | 00564nam a2200241 a 4500 |
| 020 ## - INTERNATIONAL STANDARD BOOK NUMBER | |
| ISBN | |
| 082 00 - DEWEY DECIMAL CLASSIFICATION NUMBER | |
| Classification number | 297.822 |
| Author Cutter | IVA1 |
| 100 ## - MAIN ENTRY--AUTHOR NAME | |
| Author name | Ivanow, W |
| 245 ## - TITLE STATEMENT | |
| Title | Notes Sur L`"ummul Kitab" |
| 260 ## - PUBLICATION, DISTRIBUTION, ETC. (IMPRINT) | |
| Place of publication | Paris |
| Name of publisher | Libraireorientaliste |
| Year of publication | 1933 |
| 300 ## - PHYSICAL DESCRIPTION | |
| Number of Pages | 481p |
| 500 ## - GENERAL NOTE | |
| General note | includes index and biblioraphy |
| 505 2# - FORMATTED CONTENTS NOTE | |
| Formatted contents note | Index |
| 650 ## - SUBJECT ADDED ENTRY--TOPICAL TERM | |
| Topical Term | Ismailis-Doctrines |
| 942 ## - ADDED ENTRY ELEMENTS (KOHA) | |
| Koha item type | Books |
| 700 1# - | |
| -- | Ivanow, W |
| Collection code | Home library | Current library | Date acquired | Cost, normal purchase price | Full call number | Accession Number | Koha item type |
|---|---|---|---|---|---|---|---|
| Henry Martyn Institute Library | Henry Martyn Institute Library | 06/29/2007 | 100.00 | 297.822 IVA1 | 02058 | Books |
